01003naa a22002537a 4500001001000000003000900010005001700019007000300036008003400039040005400073041000900127072001500136100001700151111009300168245011800261260003700379500011400416650002000530650002300550650003000573650001800603650001700621773011100638BR7905587BR-BrBNA20240918174429.0ta230509b bl.||||| |||| 00| 0 por d aBR-BrBNAbporcBiblioteca Nacional de Agricultura a(Pt) aE70b/G5141 aVilela, M.R.1 a11. Congresso Internacional de Mercaods AtacadistascSao Paulo, SP (Brazil)d18 Feb 19791 aA experiencia brasileira. Sistemas de mercados atacadistas. Instrumento de acao para os paises em desenvolvimento3 aSao Paulo, SP (Brasil): c1979.  a11. Congresso Internacional de Mercados Atacadistas Sao Paulo, SP (Brasil): 1979. p. 18-32 (BR7905587-AM)E70  aComercializacao aMercado atacadista aDesenvolvimento comercial aAbastecimento aInvestimento0 t11. Congresso Internacional de Mercados AtacadistaswE70 BR7905587gSao Paulo, SP (Brasil), 1979. p. 18-32